|
|
|
|
| LEADER |
00000naa2a2200000 4500 |
| 001 |
633758 |
| 005 |
20231101133758.0 |
| 035 |
|
|
|a (RuTPU)RU\TPU\conf\35506
|
| 035 |
|
|
|a RU\TPU\conf\35504
|
| 090 |
|
|
|a 633758
|
| 100 |
|
|
|a 20211019d2021 k y0rusy50 ba
|
| 101 |
0 |
|
|a eng
|
| 102 |
|
|
|a RU
|
| 105 |
|
|
|a y z 100zy
|
| 135 |
|
|
|a drgn ---uucaa
|
| 181 |
|
0 |
|a i
|
| 182 |
|
0 |
|a b
|
| 200 |
1 |
|
|a Synthesis of zeolite materials using a two-steps method and study of its properties for further use in fluid catalytic cracking (FCC)
|f M. O. Patz
|g sci. adv. E. N. Ivashkina
|
| 203 |
|
|
|a Текст
|c электронный
|
| 225 |
1 |
|
|a Геология, горное и нефтегазовое дело (доклады на английском и немецком языках)
|
| 230 |
|
|
|a 1 компьютерный файл (pdf; 1 018 Kb)
|
| 300 |
|
|
|a Заглавие с экрана
|
| 320 |
|
|
|a [Библиогр.: с. 541-542 (10 назв.)]
|
| 461 |
|
1 |
|0 (RuTPU)RU\TPU\conf\35202
|t Проблемы геологии и освоения недр
|l Problems of Geology and Subsurface Development
|o труды XXV Международного симпозиума имени академика М. А. Усова студентов и молодых учёных, посвященного 120-летию горногеологического образования в Сибири, 125-летию со дня основания Томского политехнического университета, Томск, 5-9 апреля 2021 г.
|o в 2 т.
|f Национальный исследовательский Томский политехнический университет, Инженерная школа природных ресурсов ; гл. ред. Н. В. Гусева ; под ред. Е. Ю. Пасечник
|d 2021
|
| 463 |
|
1 |
|0 (RuTPU)RU\TPU\conf\35204
|t Т. 2
|v [С. 541-542]
|d 2021
|
| 610 |
1 |
|
|a труды учёных ТПУ
|
| 610 |
1 |
|
|a электронный ресурс
|
| 610 |
1 |
|
|a синтез
|
| 610 |
1 |
|
|a цеолиты
|
| 610 |
1 |
|
|a каталитический крекинг
|
| 610 |
1 |
|
|a псевдоожиженный слой
|
| 610 |
1 |
|
|a золы
|
| 610 |
1 |
|
|a алюмосиликатные материалы
|
| 610 |
1 |
|
|a адсорбция
|
| 700 |
|
1 |
|a Patz
|b M. O.
|
| 702 |
|
1 |
|a Ivashkina
|b E. N.
|c Chemical Engineer
|c Professor of Tomsk Polytechnic University, Doctor of sciences
|f 1983-
|g Elena Nikolaevna
|2 stltpush
|4 727
|
| 712 |
0 |
2 |
|a Национальный исследовательский Томский политехнический университет
|b Инженерная школа природных ресурсов
|b Отделение химической инженерии
|h 8085
|2 stltpush
|3 (RuTPU)RU\TPU\col\23513
|
| 801 |
|
2 |
|a RU
|b 63413507
|c 20211029
|g RCR
|
| 856 |
4 |
|
|u http://earchive.tpu.ru/handle/11683/68726
|
| 942 |
|
|
|c BK
|